| 000 | 00691nam a22002297a 4500 | ||
|---|---|---|---|
| 005 | 20250304082537.0 | ||
| 008 | 250304b |||||||| |||| 00| 0 eng d | ||
| 020 | _a9789348070333 | ||
| 040 |
_aIN-DiNC _cIN-DiNC |
||
| 041 | _dasm | ||
| 082 |
_a301.092 _bSAM |
||
| 245 |
_aSamajtattwik chintabid II: _bpratham khanda (Major6)/ _cby Dimba Hazarika and others |
||
| 250 | _a1st ed. | ||
| 260 |
_aDibrugarh: _bmahaveer publications, _c2025. |
||
| 300 | _a144p. | ||
| 650 | _aSociological thinkers II: part I (Major6) | ||
| 700 |
_aHazarika, Dimba _eauthor |
||
| 700 |
_aChutia, Dilip _eauthor |
||
| 700 |
_aSaikia, Nripen _eauthor |
||
| 700 |
_aKonwar, Urbashi _eauthor |
||
| 942 |
_2ddc _cBK |
||
| 999 |
_c12137 _d12137 |
||